00277nam a22001097a 4500020001800000040000900018082001500027100002800042245004500070260003900115650001300154 a9788496449886 cNUST a721.84 VID aVidiella, Alex Sanchez  aTerrazas Y Balcones:bSoluciones Urbanas aMEXICO:bLoft Publications,c2009. aTerrazas